Human body encyclopedia : first reference for young readers and writers
| Format: | Book |
|---|---|
| Published: |
London :
Dorling Kindersley ,
2005
|
| Subjects: |
MARC
| LEADER | 00000cam a2200000 7i4500 | ||
|---|---|---|---|
| 001 | 0000004561 | ||
| 005 | 20151222.0 | ||
| 008 | 070730 | ||
| 020 | |a 1405308486 | ||
| 090 | 0 | 0 | |a JF |b ENC ENG (4263) |
| 245 | 0 | 0 | |a Human body encyclopedia : |b first reference for young readers and writers |
| 260 | |a London : |b Dorling Kindersley , |c 2005 | ||
| 500 | |a Children ages 7-9 years old (orange) | ||
| 650 | 0 | |a Encyclopedia | |
| 650 | 0 | |a Junior fiction |x English |x Languages | |
| 999 | |a 0000970857 |b Book |c REFERENCE |e Cawangan Urban Transformation Centre | ||